|
|
|
|
| LEADER |
01003cam a22003011a 4500 |
| 001 |
000035136 |
| 003 |
11404 |
| 005 |
20210402104308.0 |
| 008 |
151103s2010 vm 000 eng |
| 020 |
|
|
|a 9786048556631
|c 138000
|
| 041 |
|
|
|a eng
|
| 082 |
|
|
|a 420.0076
|b MI-H
|
| 100 |
|
|
|a HuMin-John A Gordon
|
| 245 |
|
0 |
|a Essential Reading for IELTS /
|c Humin-John A Gordon
|n reading
|
| 260 |
|
|
|a Tổng hợp TPHCM,
|c 2010.
|
| 300 |
|
|
|a 351tr:ill:.
|
| 650 |
|
|
|a Essential Reading for IELTS
|
| 653 |
|
|
|a IELTS
|a Reading
|
| OWN |
|
|
|a LNN
|
| 902 |
|
|
|a TKA
|
| AVA |
|
|
|a UDN50
|b LNN
|c English
|d 420.8 MI-H
|e unavailable
|t Error 5002 Not defined in file expand_doc_bib_avail.
|f 1
|g 1
|h N
|i 0
|j AN
|k 1
|
| 999 |
|
|
|a From the UDN01
|
| AVA |
|
|
|a UDN50
|b LNN
|c English
|d 420.8 MI-H
|e unavailable
|t Error 5002 Not defined in file expand_doc_bib_avail.
|f 1
|g 1
|h N
|i 0
|j AN
|k 1
|
| TYP |
|
|
|a Monograph
|
| TYP |
|
|
|a Printed language
|
| 980 |
|
|
|a Mạng thư viện Đại học Đà Nẵng
|